000 01139nam a2200289 c 4500
999 _c120092
_d120092
003 BLK
005 20200827132839.0
008 180409b bul|||||r ||||||| ||bul||
010 _aKNG00125708000
040 _aBLK
041 _aBUL
_cBUL
080 _aАнглийска литература
_b821.111
_x-322.9
_z821.111-322.9
139 _aАнглийски фантастични разкази
_bА 64
245 1 0 _aАнглийски фантастични разкази
_bСб.
_cсъстав. Борис Иванов Миндов; худож. Венцеслав Веселинов.
257 _aGBR
260 _aСофия
_bОтечество
_c1986
300 _a368 с.
_bс ил.
_c17 см
380 _aX
490 _aФантастика
_9201187
700 1 _aМиндов, Борис Иванов
_eсъстав.
_9368236
700 1 _aВеселинов, Венцеслав
_eхудож.
_9316485
852 _aЦб І 22883
856 4 _qpdf
856 4 _qpdf
942 _cKNG
_n0
_s1
944 _aCR
_c17.09.2011
_l17.09.2011 - от С1,Р / 17.09.2011
_kВиолета_Тройчева
944 _aED
_c17.09.2011
_l17.09.2011 - от С1,Р / 17.09.2011
999 _d120092